[Event "Helsingor Xtracon op"]
[Site "Helsingor"]
[Date "2019.07.26"]
[Round "8"]
[White "Skovgaard, Ib"]
[Black "Thuesen, Mogens Henrik"]
[Result "0-1"]
[WhiteElo "1911"]
[BlackElo "2111"]
[PlyCount "62"]
[EventDate "2019.07.20"]
[EventType "swiss"]
[EventRounds "10"]
[EventCountry "DEN"]
[SourceTitle "CBM 191 Extra"]
[Source "ChessBase"]
[SourceDate "2019.09.30"]
[SourceVersion "1"]
[SourceVersionDate "2019.09.30"]
[SourceQuality "1"]

1. e4 e6 2. d4 d5 3. Nd2 c5 4. exd5 exd5 5. Ngf3 Nc6 6. Qe2+ Qe7 7. dxc5 Qxe2+ 8. Bxe2 Bxc5 9. Nb3 Bd6 10. Be3 Nf6 11. 0-0-0 0-0 12. h3 Be6 13. Nbd4 Rac8 14. Kb1 Rfe8 15. g4 Ne4 16. Rhg1 a6 17. Nf5 Bxf5 18. gxf5 Nxf2 19. Bxf2 Rxe2 20. Bh4 Re3 21. Nd4 Nxd4 22. Rxd4 Bh2 23. Rg2 Rxh3 24. Rdg4 Be5 25. a3 Rc4 26. Be7 Rxg4 27. Rxg4 Rf3 28. Rb4 b5 29. a4 Rf4 30. Rxf4 Bxf4 31. axb5 axb5 0-1

[Event "Helsingor Xtracon op"]
[Site "Helsingor"]
[Date "2019.07.25"]
[Round "7"]
[White "Bruaset, Eivind"]
[Black "Skovgaard, Ib"]
[Result "1-0"]
[WhiteElo "2074"]
[BlackElo "1911"]
[PlyCount "55"]
[EventDate "2019.07.20"]
[EventType "swiss"]
[EventRounds "10"]
[EventCountry "DEN"]
[SourceTitle "CBM 191 Extra"]
[Source "ChessBase"]
[SourceDate "2019.09.30"]
[SourceVersion "1"]
[SourceVersionDate "2019.09.30"]
[SourceQuality "1"]

1. e4 c5 2. Nf3 e6 3. d4 cxd4 4. Nxd4 a6 5. Nc3 Qc7 6. Bd3 Bd6 7. Be3 Nc6 8. Nxc6 dxc6 9. Qd2 e5 10. Rd1 Nf6 11. f3 Be6 12. 0-0 0-0 13. Na4 Qe7 14. c4 Bb4 15. Qf2 b5 16. Nb6 Rab8 17. a3 Ba5 18. cxb5 axb5 19. b4 Bxb6 20. Bxb6 Nd7 21. Be3 Ra8 22. Qb2 Rfc8 23. Rc1 c5 24. bxc5 Rxc5 25. Bxc5 Nxc5 26. Qb4 Bc4 27. Bxc4 Qa7 28. Bxf7+ 1-0

[Event "Amager AMSF Master"]
[Site "Amager"]
[Date "2016.09.13"]
[Round "4"]
[White "Skovgaard, Ib"]
[Black "Akdag, Dara Sevkan"]
[Result "0-1"]
[WhiteElo "2002"]
[BlackElo "2213"]
[PlyCount "48"]
[EventDate "2016.08.16"]
[EventType "tourn"]
[EventRounds "7"]
[EventCountry "DEN"]
[SourceTitle "EXT 2023"]
[Source "ChessBase"]
[SourceDate "2022.10.05"]
[SourceVersion "1"]
[SourceVersionDate "2022.10.05"]
[SourceQuality "1"]

1. e4 c5 2. Nf3 d6 3. d4 cxd4 4. Nxd4 Nf6 5. Nc3 a6 6. Bg5 Nbd7 7. Be2 Qb6 8. a3 e6 9. f4 Be7 10. Qd3 Nc5 11. Qe3 h6 12. Bxf6 Bxf6 13. 0-0-0 Bd7 14. Rhe1 Rc8 15. e5 dxe5 16. Nf5 exf5 17. Nd5 Nb3+ 18. Kb1 Qxe3 19. Nxe3 Nc5 20. Nd5 e4 21. Nb6 Rd8 22. Bc4 Bc6 23. b4 Ne6 24. Rxd8+ Bxd8 0-1

[Event "Amager AMSF Master"]
[Site "Amager"]
[Date "2016.09.06"]
[Round "3"]
[White "Aabling Thomsen, Jakob"]
[Black "Skovgaard, Ib"]
[Result "1-0"]
[WhiteElo "2372"]
[BlackElo "2002"]
[PlyCount "45"]
[EventDate "2016.08.16"]
[EventType "tourn"]
[EventRounds "7"]
[EventCountry "DEN"]
[SourceTitle "EXT 2023"]
[Source "ChessBase"]
[SourceDate "2022.10.05"]
[SourceVersion "1"]
[SourceVersionDate "2022.10.05"]
[SourceQuality "1"]

1. Nf3 d5 2. g3 Nd7 3. Bg2 g6 4. c4 dxc4 5. Qa4 Bg7 6. Qxc4 Nb6 7. Qc2 Bf5 8. d3 c5 9. Nh4 Be6 10. Bxb7 g5 11. Bxg5 Rb8 12. Bc6+ Nd7 13. Nc3 Qb6 14. Bxd7+ Bxd7 15. Rb1 Bh3 16. Rg1 Nh6 17. g4 0-0 18. Rg3 Qb4 19. Bxh6 Bxc3+ 20. Bd2 Bxd2+ 21. Qxd2 Qb7 22. Nf3 Qd5 23. Qg5+ 1-0

[Event "Helsingor Xtracon op"]
[Site "Helsingor"]
[Date "2016.07.27"]
[Round "6"]
[White "Skovgaard, Ib"]
[Black "Ranaldi, Lucas"]
[Result "1/2-1/2"]
[WhiteElo "1972"]
[BlackElo "2228"]
[PlyCount "89"]
[EventDate "2016.07.23"]
[EventType "swiss"]
[EventRounds "10"]
[EventCountry "DEN"]
[SourceTitle "CBM 173 Extra"]
[Source "ChessBase"]
[SourceDate "2016.08.29"]
[SourceVersion "1"]
[SourceVersionDate "2016.08.29"]
[SourceQuality "1"]

1. e4 c5 2. Nf3 Nc6 3. d4 cxd4 4. Nxd4 g6 5. Bb5 Bg7 6. Be3 Nf6 7. f3 0-0 8. Nc3 Ne5 9. 0-0 d5 10. exd5 Nxd5 11. Nxd5 Qxd5 12. Qe2 Ng4 13. c4 Qd6 14. fxg4 Bxd4 15. Rad1 Bxe3+ 16. Qxe3 Qe6 17. Qd4 Qxg4 18. Rf4 Qh5 19. Re1 Be6 20. Bd7 Bxd7 21. Qxd7 Qc5+ 22. Qd4 Qb4 23. Ref1 Rad8 24. Qe5 Rd2 25. b3 Qd6 26. Qxd6 Rxd6 27. c5 Rc6 28. Rb4 b6 29. cxb6 axb6 30. a4 e5 31. Rd1 Re8 32. g4 Kg7 33. Kf2 Rc2+ 34. Ke3 Re6 35. h4 Rh2 36. g5 Rh3+ 37. Ke2 e4 38. a5 bxa5 39. Rb8 Re7 40. Rdd8 f5 41. Rh8 Rxh4 42. Rbf8 Rh2+ 43. Kf1 h5 44. Rhg8+ Kh7 45. Rh8+ 1/2-1/2

[Event "Copenhagen Challenge"]
[Site "Ballerup"]
[Date "2016.04.24"]
[Round "8"]
[White "Andersen, Daniel"]
[Black "Skovgaard, Ib"]
[Result "0-1"]
[WhiteElo "1956"]
[BlackElo "2050"]
[PlyCount "88"]
[EventDate "2016.04.20"]
[EventType "swiss"]
[EventRounds "9"]
[EventCountry "DEN"]
[SourceTitle "CBM 172 Extra"]
[Source "ChessBase"]
[SourceDate "2016.06.21"]
[SourceVersion "1"]
[SourceVersionDate "2016.06.21"]
[SourceQuality "1"]

1. c4 c6 2. e4 d5 3. exd5 cxd5 4. cxd5 a6 5. Nc3 Nf6 6. Qb3 g6 7. Be2 Nbd7 8. Bf3 Nc5 9. Qc4 e5 10. d4 exd4 11. Qxd4 Bf5 12. Nge2 Nd3+ 13. Kf1 Bc5 14. Qh4 Bxf2 15. g3 Qb6 16. Bg5 Be1 17. Qd4 Qxd4 18. Nxd4 Bxc3 19. Bxf6 Bxb2 20. Rb1 0-0 21. g4 Bd7 22. Be2 Bxd4 23. Bxd4 Nf4 24. Bf3 Bb5+ 25. Kf2 Rac8 26. Ke3 g5 27. a4 Bd3 28. Rbc1 Rfe8+ 29. Kf2 Bc4 30. d6 Nd3+ 31. Kg2 h5 32. gxh5 Nxc1 33. d7 Nd3 34. Bxb7 Rcd8 35. dxe8Q+ Rxe8 36. h4 Nf4+ 37. Kf3 Be2+ 38. Kf2 Nd3+ 39. Kg3 g4 40. Bxa6 Bf3 41. Bb5 Re4 42. Bb6 Nf4 43. a5 Nxh5+ 44. Kf2 Bxh1 0-1

[Event "Copenhagen Challenge"]
[Site "Ballerup"]
[Date "2016.04.21"]
[Round "2"]
[White "Skovgaard, Ib"]
[Black "Kakulidis, Ellen"]
[Result "1/2-1/2"]
[WhiteElo "2050"]
[BlackElo "1892"]
[PlyCount "96"]
[EventDate "2016.04.20"]
[EventType "swiss"]
[EventRounds "9"]
[EventCountry "DEN"]
[SourceTitle "CBM 172 Extra"]
[Source "ChessBase"]
[SourceDate "2016.06.21"]
[SourceVersion "1"]
[SourceVersionDate "2016.06.21"]
[SourceQuality "1"]

1. e4 e6 2. d4 d5 3. Nd2 Nc6 4. Ngf3 Nf6 5. e5 Nd7 6. Bb5 a6 7. Bxc6 bxc6 8. c4 dxc4 9. 0-0 Be7 10. Nxc4 Nb6 11. Na5 Qd5 12. Bd2 Nc4 13. Qc2 Nxd2 14. Nxd2 Bb4 15. Ndc4 Bd7 16. Nb3 0-0 17. a4 Bc8 18. Ne3 Qd7 19. a5 c5 20. Rfd1 cxd4 21. Rxd4 Qe7 22. Qe4 Rb8 23. Qf3 c5 24. Rc4 Bb7 25. Qg3 Bd5 26. Rg4 g6 27. Rh4 f5 28. exf6 Qxf6 29. Ng4 Qg7 30. Rd1 Rbd8 31. h3 Kh8 32. Ne5 Kg8 33. f4 Qf6 34. Ng4 Qg7 35. Nh6+ Kh8 36. Ng4 Bxb3 37. Qxb3 Rxd1+ 38. Qxd1 Qd4+ 39. Qxd4+ cxd4 40. Ne5 Kg7 41. Kf1 g5 42. Rg4 Rxf4+ 43. Rxf4 gxf4 44. Nc6 Bc5 45. b4 Bd6 46. Nxd4 Bxb4 47. Nxe6+ Kf6 48. Nc7 Bxa5 1/2-1/2

[Event "Copenhagen Obro New Year op"]
[Site "Copenhagen"]
[Date "2015.12.30"]
[Round "6"]
[White "Ramsdal, Jens Albert"]
[Black "Skovgaard, Ib"]
[Result "1-0"]
[WhiteElo "2182"]
[BlackElo "2051"]
[PlyCount "95"]
[EventDate "2015.12.27"]
[EventType "swiss"]
[EventRounds "7"]
[EventCountry "DEN"]
[SourceTitle "EXT 2018"]
[Source "ChessBase"]
[SourceDate "2017.10.13"]
[SourceVersion "1"]
[SourceVersionDate "2017.10.13"]
[SourceQuality "1"]

1. e4 Nf6 2. e5 Nd5 3. d4 d6 4. Nf3 g6 5. Bc4 dxe5 6. dxe5 Be6 7. 0-0 Bg7 8. Qe2 0-0 9. Rd1 c6 10. Bb3 Nd7 11. h3 a5 12. Nc3 Nxc3 13. bxc3 Qc7 14. Bxe6 fxe6 15. Ng5 Qxe5 16. Qxe5 Nxe5 17. Nxe6 Rf6 18. Nxg7 Kxg7 19. Re1 Rf5 20. f4 Nc4 21. Rxe7+ Kf6 22. Re4 b5 23. Kf2 a4 24. Be3 Rd8 25. Bd4+ Kf7 26. Rae1 Rd7 27. g4 Rfd5 28. Kg3 c5 29. Bf2 h5 30. R1e2 Nd2 31. Re5 Nc4 32. Re6 Nd2 33. Rc6 Nb1 34. Ree6 Nxc3 35. Bxc5 Rxc5 36. Rxc5 Kxe6 37. Rxc3 hxg4 38. hxg4 Rd4 39. Kf3 b4 40. Rc6+ Kd5 41. Rc8 Ke6 42. Re8+ Kf6 43. Re4 Rd1 44. Rxb4 a3 45. Ra4 Rh1 46. Kg2 Rc1 47. Rxa3 Rxc2+ 48. Kf3 1-0

[Event "Politiken Cup 37th"]
[Site "Helsingor"]
[Date "2015.07.30"]
[Round "7"]
[White "Skovgaard, Ib"]
[Black "Eriksson, Christian Altenburg"]
[Result "0-1"]
[WhiteElo "2031"]
[BlackElo "2175"]
[PlyCount "56"]
[EventDate "2015.07.25"]
[EventType "swiss"]
[EventRounds "10"]
[EventCountry "DEN"]
[SourceTitle "CBM 167 Extra"]
[Source "ChessBase"]
[SourceDate "2015.09.14"]
[SourceVersion "1"]
[SourceVersionDate "2015.09.14"]
[SourceQuality "1"]

1. e4 c5 2. Nf3 Nc6 3. d4 cxd4 4. Nxd4 e5 5. Nb5 d6 6. N1c3 a6 7. Bg5 Nf6 8. Na3 Be7 9. Bxf6 Bxf6 10. Nc4 Be7 11. Ne3 Be6 12. Bc4 0-0 13. 0-0 Bg5 14. Bxe6 fxe6 15. Qg4 Qe7 16. Rad1 Rf4 17. Qg3 Nd4 18. Kh1 Rh4 19. Ncd5 exd5 20. Nxd5 Qd8 21. Rxd4 exd4 22. f4 Be7 23. f5 Bf6 24. Qb3 Kh8 25. g3 Rxe4 26. Qf3 Re5 27. Nf4 Qe8 28. g4 Qc6 0-1

[Event "Copenhagen Challenge"]
[Site "Ballerup"]
[Date "2015.05.01"]
[Round "4"]
[White "Skovgaard, Ib"]
[Black "Moe, Mogens"]
[Result "1-0"]
[WhiteElo "1999"]
[BlackElo "2161"]
[PlyCount "103"]
[EventDate "2015.04.29"]
[EventType "swiss"]
[EventRounds "9"]
[EventCountry "DEN"]
[SourceTitle "CBM 166 Extra"]
[Source "ChessBase"]
[SourceDate "2015.06.18"]
[SourceVersion "1"]
[SourceVersionDate "2015.06.18"]
[SourceQuality "1"]

1. e4 c5 2. Nf3 e6 3. d4 cxd4 4. Nxd4 a6 5. Nc3 Qc7 6. Qf3 Nc6 7. Nxc6 Qxc6 8. Be2 b5 9. a3 Bb7 10. 0-0 Ne7 11. Bf4 Ng6 12. Bg3 Bc5 13. Qh5 Bd4 14. Rad1 Bxc3 15. Rd6 Qc8 16. bxc3 Bxe4 17. Rfd1 Ra7 18. Rb6 0-0 19. Bd6 Qxc3 20. Bxf8 Nxf8 21. Rb8 Qc7 22. Re8 Bg6 23. Qf3 f6 24. Ra8 d5 25. Rxa7 Qxa7 26. Bd3 Bf7 27. Qe3 Qc7 28. f4 Nd7 29. a4 bxa4 30. Bxa6 Nc5 31. Bb5 Bg6 32. c4 Qb6 33. f5 d4 34. Rxd4 Nb3 35. c5 Qc7 36. fxg6 Nxd4 37. gxh7+ Kxh7 38. Qxd4 a3 39. Qd3+ Kg8 40. Qxa3 Qe5 41. Qc1 Qc7 42. Be2 e5 43. Bf3 f5 44. Qc4+ Kf8 45. Qd5 Ke7 46. Bh5 Kf6 47. h3 g6 48. Be2 Kg5 49. g3 Qa5 50. Qxe5 Qe1+ 51. Kg2 Qc1 52. h4+ 1-0

[Event "Copenhagen Challenge"]
[Site "Ballerup"]
[Date "2015.05.01"]
[Round "5"]
[White "Westerinen, Heikki MJ"]
[Black "Skovgaard, Ib"]
[Result "1-0"]
[WhiteElo "2308"]
[BlackElo "1999"]
[PlyCount "47"]
[EventDate "2015.04.29"]
[EventType "swiss"]
[EventRounds "9"]
[EventCountry "DEN"]
[SourceTitle "CBM 166 Extra"]
[Source "ChessBase"]
[SourceDate "2015.06.18"]
[SourceVersion "1"]
[SourceVersionDate "2015.06.18"]
[SourceQuality "1"]

1. e4 Nf6 2. e5 Nd5 3. d4 d6 4. Nf3 g6 5. Bc4 dxe5 6. Nxe5 Be6 7. Bb3 c6 8. 0-0 Bg7 9. Nd2 0-0 10. Re1 Nd7 11. Nxd7 Qxd7 12. Ne4 Bg4 13. Qd3 Rad8 14. c3 Bf5 15. Qf3 Bg4 16. Qg3 b6 17. Qh4 Nf6 18. Bg5 c5 19. dxc5 Nxe4 20. Rxe4 Bd1 21. Rxe7 Qd3 22. Re3 Rfe8 23. Bxd8 Rxe3 24. fxe3 1-0

[Event "Politiken Cup 36th"]
[Site "Helsingor"]
[Date "2014.07.29"]
[Round "10"]
[White "Olsson, Tomas"]
[Black "Skovgaard, Ib"]
[Result "1/2-1/2"]
[WhiteElo "1872"]
[BlackElo "2019"]
[PlyCount "82"]
[EventDate "2014.07.21"]
[EventType "swiss"]
[EventRounds "10"]
[EventCountry "DEN"]
[SourceTitle "CBM 161 Extra"]
[Source "ChessBase"]
[SourceDate "2014.08.29"]
[SourceVersion "1"]
[SourceVersionDate "2014.08.29"]
[SourceQuality "1"]

1. e4 Nf6 2. Nc3 d5 3. e5 Ne4 4. Nce2 e6 5. d3 Nc5 6. d4 Ncd7 7. f4 c5 8. c3 Nc6 9. Nf3 f5 10. exf6 Nxf6 11. g3 Ne4 12. Bg2 cxd4 13. Nexd4 Bc5 14. Be3 Qb6 15. Qb3 0-0 16. 0-0 Bd7 17. Rfe1 Kh8 18. Qxb6 Bxb6 19. Rad1 Rae8 20. Nxc6 bxc6 21. Ne5 Nf6 22. Bxb6 axb6 23. Bh3 g6 24. Nxd7 Nxd7 25. Bxe6 Nc5 26. Bg4 Na4 27. Bd7 Nxb2 28. Rxe8 Rxe8 29. Rb1 Rd8 30. Bxc6 Nc4 31. Rb4 Rd6 32. Bxd5 Ne3 33. Bb3 Rd2 34. Re4 Rg2+ 35. Kh1 Re2 36. Re8+ Kg7 37. Rg8+ Kf6 38. h3 Re1+ 39. Kh2 Re2+ 40. Kh1 Re1+ 41. Kh2 Re2+ 1/2-1/2

[Event "Politiken Cup 36th"]
[Site "Helsingor"]
[Date "2014.07.26"]
[Round "7"]
[White "Skovgaard, Ib"]
[Black "Moe, Mogens"]
[Result "0-1"]
[WhiteElo "2019"]
[BlackElo "2274"]
[PlyCount "49"]
[EventDate "2014.07.21"]
[EventType "swiss"]
[EventRounds "10"]
[EventCountry "DEN"]
[SourceTitle "CBM 161 Extra"]
[Source "ChessBase"]
[SourceDate "2014.08.29"]
[SourceVersion "1"]
[SourceVersionDate "2014.08.29"]
[SourceQuality "1"]

1. e4 c5 2. Nf3 Nc6 3. d4 cxd4 4. Nxd4 Nf6 5. Nc3 e5 6. Ndb5 d6 7. Bg5 a6 8. Na3 Be7 9. Bxf6 Bxf6 10. Nc4 Be7 11. Nd5 Be6 12. Ncb6 Bxd5 13. Nxd5 0-0 14. c3 Bg5 15. h4 Bh6 16. Qh5 Ne7 17. Nf6+ Kh8 18. g3 Qb6 19. Bd3 Qxb2 20. 0-0 Qxc3 21. Rfd1 Qc8 22. Rac1 Qe6 23. Ng4 Bxc1 24. Rxc1 g6 25. Qh6 0-1

[Event "Politiken Cup 36th"]
[Site "Helsingor"]
[Date "2014.07.22"]
[Round "3"]
[White "Skovgaard, Ib"]
[Black "Schroeder, Jan Christian"]
[Result "0-1"]
[WhiteElo "2019"]
[BlackElo "2370"]
[PlyCount "46"]
[EventDate "2014.07.21"]
[EventType "swiss"]
[EventRounds "10"]
[EventCountry "DEN"]
[SourceTitle "CBM 161 Extra"]
[Source "ChessBase"]
[SourceDate "2014.08.29"]
[SourceVersion "1"]
[SourceVersionDate "2014.08.29"]
[SourceQuality "1"]

1. e4 e5 2. Nf3 Nc6 3. c3 d5 4. Qa4 Bd7 5. exd5 Nd4 6. Qd1 Nxf3+ 7. Qxf3 Nf6 8. d4 exd4 9. Bg5 Be7 10. Bd3 Nxd5 11. Qxd5 Bxg5 12. 0-0 0-0 13. cxd4 Bc6 14. Qxd8 Raxd8 15. Rd1 Bf6 16. Nc3 Rxd4 17. Be2 Rfd8 18. Rxd4 Rxd4 19. Bf3 Bxf3 20. gxf3 Rd2 21. Re1 Kf8 22. Nb5 c6 23. Nxa7 Bd4 0-1